LEADER 01116nam--2200397---450- 001 990003133120203316 005 20080729094422.0 035 $a000313312 035 $aUSA01000313312 035 $a(ALEPH)000313312USA01 035 $a000313312 100 $a20080729d1966----km-y0itay0103----ba 101 $aita 102 $aIT 105 $aa|||||||001yy 200 1 $aButinone e Zenale$f[testi di Elvira Cassa Salvi] 210 $aMilano$cFabbri$d1966 215 $a[8] p., XVI p. di tav.$cill.$d36 cm 225 2 $a<> maestri del colore$v230 410 0$12001$a<> maestri del colore$v230 454 1$12001 461 1$1001-------$12001 600 0 $aButinone,$bBernardino 600 0 $aZenale,$bBernardo 676 $a759.5 700 1$aBUTINONE,$bBernardino$0219125 701 1$aZENALE,$bBernardo$0601846 702 1$aCASSA SALVI,$bElvira 801 0$aIT$bsalbc$gISBD 912 $a990003133120203316 951 $aV A 1 MC VII$b6016 DBC$cV A 959 $aBK 969 $aDBC 979 $aDBC$b90$c20080729$lUSA01$h0944 996 $aButinone e Zenale$91016885 997 $aUNISA